Η πολυαπασχόληση στον αγροτικό τομέα και η αναπτυξιακή πολιτική στην Ελλάδα

Αποθηκεύτηκε σε:
Λεπτομέρειες βιβλιογραφικής εγγραφής
Κύριος συγγραφέας: Σαμαράς, Γιάννης Β. 1924-
Μορφή: Βιβλίο
Γλώσσα:Greek
Δημοσίευση: Αθήνα : Ιδρυμα Μεσογειακών Μελετών, 1994
Σειρά:Μελέτες για την ελληνική γεωργία
Θέματα:
Ετικέτες: Προσθήκη ετικέτας
Δεν υπάρχουν, Καταχωρήστε ετικέτα πρώτοι!

MARC

LEADER 00000nam a2200000 i 4500
001 1/7389
008 960805s1994 gre d
020 |a 960-7482-00-X 
035 |l 10016687 
040 |a GR-MY-UA  |b gre  |e aacr 
041 0 |a gre 
082 0 |a 338.109495 
100 1 |a Σαμαράς, Γιάννης Β.  |d 1924- 
245 1 2 |a Η πολυαπασχόληση στον αγροτικό τομέα και η αναπτυξιακή πολιτική στην Ελλάδα /  |c Υπεύθυνος Γιάννης Σαμαράς 
260 |a Αθήνα :   |b Ιδρυμα Μεσογειακών Μελετών,   |c 1994 
300 |a 287 σ.  |b πιν. 
490 1 |a Μελέτες για την ελληνική γεωργία 
504 |a Περίέχει βιβλιογραφία 
650 0 0 |a Regional planning  |z Greece. 
650 0 0 |a Rural development  |z Greece. 
650 0 0 |a Agriculture  |x Economic aspects  |z Greece. 
650 0 0 |a Farmers  |z Greece. 
650 0 0 |a Farmers  |x Supplementary employment  |z Greece. 
830 0 |a Μελέτες για την ελληνική γεωργία 
852 |a INST  |b LESVOS  |e 19960805  |h 338.109495 ΠΟΛ  |p 005100009293  |q 005100009293  |t BK  |y 0 
909 |a Λ  |b 046584 
922 |a 1ΔΩΡ  |b 199608